[Event "Antioquia Region-ch U16"]
[Site "Medellin"]
[Date "2011.??.??"]
[Round "3.9"]
[White "David Sanchez, Carlos Mario"]
[Black "Soto, Miguel Angel"]
[Result "1-0"]
[WhiteElo "1642"]
[BlackElo "1458"]
[PlyCount "49"]
[EventDate "2011.02.11"]
[EventType "swiss"]
[EventRounds "7"]
[EventCountry "COL"]
[SourceTitle "EXT 2024"]
[Source "ChessBase"]
[SourceDate "2023.10.10"]
[SourceVersion "1"]
[SourceVersionDate "2023.10.10"]
[SourceQuality "1"]

1. e4 c5 2. Nf3 d6 3. Bb5+ Bd7 4. Bxd7+ Nxd7 5. d4 cxd4 6. Qxd4 Ngf6 7. 0-0 e6 8. Re1 Be7 9. Nc3 Qb6 10. Qxb6 Nxb6 11. e5 dxe5 12. Nxe5 0-0 13. Bg5 h6 14. Bh4 Nfd5 15. Nxd5 Nxd5 16. Bxe7 Nxe7 17. Rad1 Rfd8 18. Rd7 Rxd7 19. Nxd7 Rd8 20. Rd1 Nd5 21. Ne5 Rc8 22. c3 Nf6 23. f3 Rc5 24. Rd8+ Kh7 25. Nxf7 1-0